000 01108nam a22001817a 4500
999 _c63501
_d63501
003 Ge_BSU
005 20251020155154.0
008 251020s1957 ge ||||| |||| 00| 0 geo d
041 _ageo
080 _a631.115.6(479.223) ლ-15
100 _aლავასასი, ხ.ე.
_926075
245 _aვოროშილოვის სახელობის კოლმეურნეობის მოწინავე გამოცდილება :
_b[ქობულეთის რ-ნი. სოციალისტური შრომის გმირის ნაამბობი ჩაწერა ი. ქაჩიბაიამ] /
_cხ.ე. ლავასასი.
264 _aთბილისი :
_b სახელგამი,
_c1957.
300 _a51 გვ. ;
_b21 სმ.
490 _aსაქართველოს სასოფლო-სამეურნეო გამოფენის მონაწილეთა გამოცდილება
653 _aკოლმეურნეობები აჭარაში.
942 _2udc
_cBK